| 000 | 00697nam a22002297a 4500 | ||
|---|---|---|---|
| 003 | UA-OsUOA | ||
| 001 | 46746 | ||
| 007 | ta | ||
| 008 | 20070705b un ||||| |||| 00| 0 ukr d | ||
| 100 | _aПивоваров М.П. | ||
| 090 |
_a82.09 _bП32 |
||
| 942 | _cBK | ||
| 040 |
_aUA-OsUOA _bukr _cUA-OsUOA _dUA-OsUOA |
||
| 245 |
_aЮрій Федькович _bЛітературно-критичний нарис |
||
| 300 | _a72 с. | ||
| 955 | _a4 | ||
| 041 | _aukr | ||
| 080 | _a82.09 | ||
| 260 |
_aК. _bДержавне видавництво художньої літератури _c1954 |
||
| 650 | 7 |
_a82 Література. Літературознавство _2UDC |
|
| 999 |
_c332846 _d332846 |
||